[Event "US Amateur West-ch"]
[Site "Palo Verde"]
[Date "2010.05.31"]
[Round "5"]
[White "Orlowski, Jesse N"]
[Black "Cotter, Samuel"]
[Result "1/2-1/2"]
[WhiteElo "1994"]
[BlackElo "1822"]
[PlyCount "34"]
[EventDate "2010.05.29"]
[EventType "swiss"]
[EventRounds "6"]
[EventCountry "USA"]
[SourceTitle "EXT 2014"]
[Source "ChessBase"]
[SourceDate "2013.11.20"]
[SourceVersion "1"]
[SourceVersionDate "2013.11.20"]
[SourceQuality "1"]

1. e4 d5 2. exd5 Nf6 3. d4 Bg4 4. Nf3 Nxd5 5. c3 c6 6. Bd3 g6 7. 0-0 Bg7 8. h3 Bxf3 9. Qxf3 0-0 10. Re1 Nd7 11. Bg5 Qb6 12. Re2 e5 13. dxe5 Nxe5 14. Qg3 h6 15. Bc1 Nxd3 16. Qxd3 Rad8 17. Qc2 Rd7 1/2-1/2